Juden 'raus? : 8 Conferenzreden.
Saved in:
| Main Author: | |
|---|---|
| Format: | Book |
| Language: | German |
| Published: |
Wien :
Sendboten des hl. Joseph,
1896.
|
| Subjects: | |
| Tags: |
Add Tag
No Tags, Be the first to tag this record!
|
| LEADER | 00538nam a22001937u 4500 | ||
|---|---|---|---|
| 001 | 000073473-X | ||
| 005 | 20161109145550.0 | ||
| 008 | 821103|1896 au |||||||||||||||||ger|| | ||
| 035 | 0 | |a ocm82563539 | |
| 035 | 0 | |a ocn238791040 | |
| 100 | 1 | |a Deckert, Josef, |d 1843-1901. | |
| 245 | 1 | 0 | |a Juden 'raus? : |b 8 Conferenzreden. |
| 260 | |a Wien : |b Sendboten des hl. Joseph, |c 1896. | ||
| 300 | |a 62 p. | ||
| 650 | 0 | |a Jews |x Controversial literature. | |
| 650 | 0 | |a Antisemitism |z Austria. | |
| 650 | 0 | |a Jews |z Austria |y 19th century. | |
| 988 | |a 20020608 | ||
| 906 | |0 MH | ||


